000
00270nam a2200109Ia 4500
008
220120s9999||||xx |||||||||||||| ||und||
100
_a
Rao, Shankar, G
245
0
_a
Mathematical foundations and statistics
260
_b
New Delhi
300
_b
0
650
_a
MATHEMATICS
999
_c
136709
_d
136709